Theory and problems of mathematics of finance / (Record no. 27825)

MARC details
000 -LEADER
campo de control de longitud fija 00545nam a2200181 i 4500
001 - NÚMERO DE CONTROL
campo de control 27825
003 - IDENTIFICADOR DE NÚMERO DE CONTROL
campo de control ES-MaACL
005 - FECHA Y HORA DE LA ÚLTIMA TRANSACCIÓN
campo de control 20250903014224.0
007 - CAMPO FIJO DE DESCRIPCIÓN FÍSICA--INFORMACIÓN GENERAL
campo de control de longitud fija t|
008 - DATOS DE LONGITUD FIJA--INFORMACIÓN GENERAL
campo de control de longitud fija 030115s1963 xxu ||||1| eng d
100 1# - ENTRADA PRINCIPAL--NOMBRE DE PERSONA
Nombre de persona Ayres, Frank.
9 (RLIN) 24191
245 10 - MENCIÓN DEL TÍTULO
Título Theory and problems of mathematics of finance /
Mención de responsabilidad, etc. by Frank Ayres.
260 ## - PUBLICACIÓN, DISTRIBUCIÓN, ETC.
Lugar de publicación, distribución, etc. New York :
Nombre del editor, distribuidor, etc. Schaum publisihing Co.,
Fecha de publicación, distribución, etc. [1963]
300 ## - DESCRIPCIÓN FÍSICA
Extensión 230 p. :
Otras características físicas il. ;
Dimensiones 28 cm.
650 #7 - PUNTO DE ACCESO ADICIONAL DE MATERIA--TÉRMINO DE MATERIA
Término de materia o nombre geográfico como elemento de entrada Matemáticas financieras
Fuente del encabezamiento o término embne
9 (RLIN) 151789
852 ## - LOCALIZACIÓN
Ubicación ES-MaACL
Número de control de estantería C-35653
Sublocalización o colección R.69153
Holdings
Estatus retirado Estado de pérdida Estado de daño No para préstamo Biblioteca de origen Biblioteca actual Ubicación en estantería Fecha de adquisición Fuente de adquisición Total de préstamos Signatura topográfica completa Código de barras Visto por última vez Precio de reemplazo Tipo de ítem Koha
        Biblioteca del Ateneo de Madrid Biblioteca del Ateneo de Madrid Depósito 2 17/01/2008     C-35653 1028731 23/02/2023 23/02/2023 Libro impreso